[Event "Druzynowe Mistrzostwa Polski Juniorow - Ekstraliga"]
[Site "Centrum Wypoczynkowo-Szkoleniowe Gwarek, Ustron"]
[Date "1899-12-30"]
[Round "3.13"]
[White "Koziol, Kamil"]
[Black "Niekras, Dawid"]
[Result "1/2-1/2"]
[WhiteTitle "k"]
[BlackTitle "k"]
[WhiteElo "2132"]
[BlackElo "2276"]

1. d4 Nf6 2. c4 g6 3. Nc3 Bg7 4. e4 d6 5. f3 O-O 6. Be3 a6 7. Qd2 Nbd7 8. Bd3 c5
9. Nge2 b6 10. O-O cxd4 11. Nxd4 Bb7 12. Rac1 e6 13. Rfd1 Qc7 14. Bf1 Rfd8 15.
Nc2 Ne8 16. Bg5 Bf6 17. Bxf6 Ndxf6 18. Ne3 Rac8 19. b3 Qb8 20. Qf2 Bc6 21. Nc2
Nc7 22. Nb4 Be8 23. Qh4 Nh5 24. Qf2 a5 25. Nc2 b5 26. Ne3 b4 27. Ne2 Na6 28. Ng4
Qc7 29. Ng3 Nxg3 30. Qxg3 Qc5+ 31. Kh1 h5 32. Nf6+ Kg7 33. Nxe8+ Rxe8 34. Qxd6
Qxd6 35. Rxd6 Nc5 36. e5 Re7 37. Bd3 Ra7 38. Bc2 Kf8 39. Kg1 Ke7 40. Rcd1 Raa8
41. Kf2 Rab8 42. g3 Rc7 43. Ke3 Rcc8 44. f4 Rc7 45. R1d2 1/2-1/2

[Event "Druzynowe Mistrzostwa Polski Juniorow - Ekstraliga"]
[Site "Centrum Wypoczynkowo-Szkoleniowe Gwarek, Ustron"]
[Date "1899-12-30"]
[Round "3.14"]
[White "Mirski, Michal"]
[Black "Tomaszewski, Kacper"]
[Result "0-1"]
[WhiteTitle "I"]
[BlackTitle "k"]
[WhiteElo "1922"]
[BlackElo "2207"]

1. e4 c6 2. d4 d5 3. exd5 cxd5 4. c4 Nf6 5. Nc3 Nc6 6. Nf3 Bg4 7. cxd5 Nxd5 8.
Qb3 Bxf3 9. gxf3 e6 10. Qxb7 Nxd4 11. Bb5+ Nxb5 12. Qc6+ Ke7 13. Qxb5 Qd7 14.
Nxd5+ Qxd5 15. Qxd5 exd5 16. Be3 Ke6 17. Ke2 Be7 18. Bd4 Bf6 19. Rhd1 Bxd4 20.
Rxd4 Rhb8 21. b3 Rc8 22. Rad1 Rc2+ 23. R1d2 Rxd2+ 24. Kxd2 Rc8 25. Rb4 Rc7 26.
Rb8 Rd7 27. b4 Ke5 28. Re8+ Kd4 29. Re3 Kc4 30. a3 d4 31. Re5 d3 32. Rc5+ Kb3
33. Rc3+ Ka4 34. h4 h5 35. f4 g6 36. Kd1 d2 37. Re3 f5 38. Rg3 Rd6 39. Re3 Rd4
40. Re7 Kxa3 41. b5 Kb4 42. Rxa7 Kxb5 43. Rb7+ Kc5 44. Rg7 Rxf4 45. Rxg6 Rxf2
46. Kc2 Kd4 47. Rg5 Ke3 48. Rg3+ Ke2 49. Rg1 Rf1 50. Rg2+ Ke1 0-1

[Event "Druzynowe Mistrzostwa Polski Juniorow - Ekstraliga"]
[Site "Centrum Wypoczynkowo-Szkoleniowe Gwarek, Ustron"]
[Date "1899-12-30"]
[Round "3.15"]
[White "Posluszny, Tomasz"]
[Black "Zajac, Szymon"]
[Result "1-0"]
[WhiteTitle "II"]
[BlackTitle "II"]
[WhiteElo "1440"]
[BlackElo "1405"]

1. d4 d5 2. c4 e6 3. Nc3 Nf6 4. Bg5 c6 5. cxd5 exd5 6. e3 Be7 7. Nf3 Bg4 8. Be2
Bxf3 9. Bxf3 O-O 10. Qc2 Re8 11. O-O h6 12. Bf4 Bd6 13. Bg3 Bxg3 14. hxg3 Na6
15. Na4 Rc8 16. Be2 b5 17. Nc5 Nxc5 18. Qxc5 a5 19. Bd3 Nd7 20. Qc2 Qf6 21. Bf5
Re7 22. Bxd7 Rxd7 23. Qc5 Qd6 24. Rfc1 Kf8 25. a4 Qxc5 26. Rxc5 bxa4 27. Rxa4
Rb7 28. Ra2 a4 29. g4 Ra7 30. Rc3 Ke7 31. Rca3 Rb7 32. Rxa4 Rcb8 33. Ra7 Rxa7
34. Rxa7+ Ke6 35. Ra2 Kd6 36. Kf1 g6 37. Ke2 Rb6 38. Kd2 h5 39. gxh5 gxh5 40.
Kc3 Rb7 41. Ra8 Rc7 42. Rh8 c5 43. Rh6+ Ke7 44. dxc5 Rxc5+ 45. Kb3 Rb5+ 46. Ka3
Ra5+ 47. Kb4 Ra2 48. Kb3 Ra5 49. Rxh5 Rb5+ 50. Kc2 Rc5+ 51. Kb1 f6 52. e4 Rc4
53. exd5 Re4 54. Rf5 Rg4 55. g3 Rd4 56. Ka2 Rd2 57. Ka3 Rc2 58. b4 Rc8 59. b5
1-0

[Event "Druzynowe Mistrzostwa Polski Juniorow - Ekstraliga"]
[Site "Centrum Wypoczynkowo-Szkoleniowe Gwarek, Ustron"]
[Date "1899-12-30"]
[Round "3.16"]
[White "Wikar, Rafal"]
[Black "Grochol, Kamil"]
[Result "0-1"]
[WhiteTitle "II"]
[BlackTitle "II"]
[WhiteElo "1417"]
[BlackElo "1402"]

1. e4 Nf6 2. e5 Nd5 3. d4 d6 4. c4 Nb6 5. exd6 exd6 6. Nc3 Be7 7. Be3 O-O 8. Bd3
Nc6 9. h3 Bf6 10. Nf3 Re8 11. O-O g6 12. a3 Ne7 13. Qd2 Bf5 14. Ne4 Bxe4 15. Bxe4
Nxc4 16. Qc3 d5 17. Bd3 Nxe3 18. fxe3 Qd7 19. Nh2 Bg7 20. Ng4 f5 21. Nh2 Nc8 22.
Bc2 Nd6 23. Qb3 c6 24. Qc3 Ne4 25. Bxe4 Rxe4 26. Rae1 Rae8 27. Rf3 Bxd4 28. Qd3
Qe7 29. Nf1 Bb6 30. Kh1 d4 31. Nd2 Rxe3 32. Rfxe3 dxe3 33. Nc4 Qe4 34. Qb3 Qd5
35. Rd1 e2 0-1

[Event "Druzynowe Mistrzostwa Polski Juniorow - Ekstraliga"]
[Site "Centrum Wypoczynkowo-Szkoleniowe Gwarek, Ustron"]
[Date "1899-12-30"]
[Round "3.17"]
[White "Cieslak, Wiktoria"]
[Black "Leczek, Weronika"]
[Result "0-1"]
[WhiteTitle "k"]
[BlackTitle "I"]
[WhiteElo "1795"]
[BlackElo "1655"]

1. e4 c5 2. Nf3 Nc6 3. d4 cxd4 4. Nxd4 Nf6 5. Nc3 d6 6. Bg5 e6 7. Qd2 Be7 8. f3
O-O 9. O-O-O Qa5 10. Be3 a6 11. Kb1 Qc7 12. h4 b5 13. Nxc6 Qxc6 14. Bd3 e5 15.
g4 Be6 16. h5 Kh8 17. g5 Ng8 18. Rdg1 b4 19. Ne2 d5 20. Nc1 d4 21. Bf2 f6 22.
f4 fxg5 23. fxg5 a5 24. Bg3 Bd6 25. Qh2 Qc7 26. Nb3 Rad8 27. Rf1 Rxf1+ 28. Rxf1
a4 29. Nd2 a3 30. Nf3 axb2 31. Nxe5 Bxe5 32. Bxe5 Qa5 33. Kxb2 Qa3+ 34. Kb1 Bxa2+
35. Ka1 Qc3+ 36. Kxa2 Ra8+ 37. Kb1 Ra1# 0-1

[Event "Druzynowe Mistrzostwa Polski Juniorow - Ekstraliga"]
[Site "Centrum Wypoczynkowo-Szkoleniowe Gwarek, Ustron"]
[Date "1899-12-30"]
[Round "3.18"]
[White "Wikar, Martyna"]
[Black "Guzik, Natalia"]
[Result "1-0"]
[WhiteTitle "I"]
[BlackTitle "I++"]
[WhiteElo "1557"]
[BlackElo "1722"]

1. e4 c5 2. Nf3 Nc6 3. d4 cxd4 4. Nxd4 g6 5. c4 Bg7 6. Be3 Nf6 7. Nc3 d6 8. f3
O-O 9. Qd2 Bd7 10. h4 h5 11. Nc2 Re8 12. Bh6 Bh8 13. O-O-O Rc8 14. Kb1 Ne5 15.
Ne3 Be6 16. Ncd5 Bxd5 17. exd5 Qb6 18. Be2 Ned7 19. g4 Nc5 20. gxh5 Nxh5 21. Rdg1
Na4 22. Nd1 Nc5 23. Qc2 Kh7 24. f4 Kxh6 25. Bxh5 gxh5 26. Rg5 Nd7 27. Rhg1 Nf6
28. Rg6+ Kh7 29. Rxf6# 1-0

[Event "Druzynowe Mistrzostwa Polski Juniorow - Ekstraliga"]
[Site "Centrum Wypoczynkowo-Szkoleniowe Gwarek, Ustron"]
[Date "1899-12-30"]
[Round "3.19"]
[White "Grela, Kacper"]
[Black "Marczuk, Dominik"]
[Result "1/2-1/2"]
[WhiteTitle "k"]
[BlackTitle "k"]
[WhiteElo "2294"]
[BlackElo "2184"]

1. e4 d6 2. d4 Nf6 3. Nc3 e5 4. Nf3 Nbd7 5. Bc4 Be7 6. O-O O-O 7. Re1 c6 8. a4
h6 9. h3 Re8 10. Ba2 Qc7 11. Nh4 Nf8 12. dxe5 dxe5 13. Qf3 Be6 14. Nf5 Bxa2 15.
Rxa2 Ne6 16. Be3 Rad8 17. Nxe7+ Qxe7 18. Qg3 Nd4 19. Bxh6 Nh5 20. Qg4 Nxc2 21.
Re2 Nb4 22. Ra3 Qe6 23. Qxh5 Qxh6 24. Qxh6 gxh6 25. a5 Re7 26. Na4 Red7 27. Nc5
Rd1+ 28. Kh2 b6 29. axb6 axb6 30. Na4 b5 31. Nc5 R1d2 32. Rxd2 Rxd2 33. Rb3 Nc2
34. Rg3+ Kf8 35. Nd3 f6 36. f4 exf4 37. Nxf4 Nd4 38. Rd3 Rxd3 39. Nxd3 Nb3 40.
Kg3 Kf7 41. Kf4 c5 42. e5 c4 43. Nf2 Nc5 44. exf6 1/2-1/2

[Event "Druzynowe Mistrzostwa Polski Juniorow - Ekstraliga"]
[Site "Centrum Wypoczynkowo-Szkoleniowe Gwarek, Ustron"]
[Date "1899-12-30"]
[Round "3.20"]
[White "Golda, Sebastian"]
[Black "Kulas, Szymon"]
[Result "0-1"]
[WhiteTitle "I"]
[BlackTitle "k"]
[WhiteElo "1959"]
[BlackElo "2243"]

1. e4 c5 2. Nf3 e6 3. d4 cxd4 4. Nxd4 Nc6 5. Nc3 Qc7 6. Be3 a6 7. Be2 Nf6 8. O-O
Bb4 9. Nxc6 bxc6 10. f3 d5 11. exd5 cxd5 12. Qd4 Bd6 13. f4 Rb8 14. Bd3 Rb4 15.
Qa7 Qc6 16. Ne2 Ng4 17. Nd4 Qc5 18. Nf5 d4 19. Nxd6+ Qxd6 20. Bd2 Rxb2 21. Rfb1
Rxb1+ 22. Rxb1 O-O 23. h3 Ne3 24. Bxe3 dxe3 25. Qxe3 Qd5 26. Qe4 Qc5+ 27. Kh1
g6 28. Rb8 Qa3 29. Kh2 Qd6 30. Qb4 Qc6 31. Qb6 Qa4 32. Qb4 Qc6 33. Rb6 Qd5 34.
Qc4 Qd7 35. Qc6 Qd4 36. Qc7 e5 37. fxe5 Be6 38. Rb8 Qf4+ 39. Kh1 Qc1+ 40. Kh2
Qf4+ 41. Kg1 Qc1+ 42. Bf1 Qe3+ 43. Kh1 Rxb8 44. Qxb8+ Kg7 45. Qd6 a5 46. Bd3 Qc1+
47. Kh2 Qf4+ 48. Kh1 h5 49. Qc7 Qd2 50. Qc5 Bxa2 51. Qe7 Qc1+ 52. Kh2 Qf4+ 53.
Kh1 Be6 54. Qc5 a4 55. Bb5 Qc1+ 56. Kh2 a3 57. Qf2 Qg5 58. Qd4 a2 59. Qa1 f6 60.
c4 Qxe5+ 61. c5 0-1

[Event "Druzynowe Mistrzostwa Polski Juniorow - Ekstraliga"]
[Site "Centrum Wypoczynkowo-Szkoleniowe Gwarek, Ustron"]
[Date "1899-12-30"]
[Round "3.21"]
[White "Gumularz, Szymon"]
[Black "Korcyl, Patryk"]
[Result "1-0"]
[WhiteTitle "I++"]
[BlackTitle "II"]
[WhiteElo "2284"]
[BlackElo "1342"]

1. Nf3 Nf6 2. g3 g6 3. Bg2 Bg7 4. O-O O-O 5. c4 d6 6. Nc3 e5 7. d4 exd4 8. Nxd4
Nbd7 9. b3 Re8 10. Bb2 Nb6 11. e4 Nbd7 12. Qc2 Nc5 13. Rad1 a5 14. h3 Bd7 15.
Kh2 h5 16. Bc1 Nh7 17. f4 h4 18. g4 g5 19. fxg5 Nxg5 20. Nf5 Be5+ 21. Kh1 f6 22.
Bxg5 fxg5 23. Nh6+ Kg7 24. Nf7 Qc8 25. Nxg5 Bxg4 26. hxg4 Qxg4 27. Rf5 Qg3 28.
Bf3 Nd3 29. Rg1 Nf2+ 30. Qxf2 Qxf2 31. Ne6+ Kh8 32. Rh5# 1-0

[Event "Druzynowe Mistrzostwa Polski Juniorow - Ekstraliga"]
[Site "Centrum Wypoczynkowo-Szkoleniowe Gwarek, Ustron"]
[Date "1899-12-30"]
[Round "3.22"]
[White "Szczurek, Krzysztof"]
[Black "Czopor, Maciej"]
[Result "0-1"]
[WhiteTitle "I"]
[BlackTitle "I+"]
[WhiteElo "1916"]
[BlackElo "1791"]

1. d4 Nf6 2. c4 g6 3. Nc3 Bg7 4. Nf3 O-O 5. Bf4 d6 6. h3 Nbd7 7. e3 c6 8. Be2 a6
9. O-O b5 10. a3 Qb6 11. b4 bxc4 12. Bxc4 a5 13. bxa5 Qxa5 14. Qc2 Ba6 15. Bxa6
Qxa6 16. a4 c5 17. Nb5 Rfc8 18. Qd2 Nb6 19. Ra3 Nc4 20. Qc3 Nxa3 21. Nxa3 Nd5
22. Qd2 Nxf4 23. exf4 Qxa4 24. Nc2 c4 25. Re1 c3 26. Qd3 e6 27. Kh2 Qc4 28. Qe3
Ra2 29. Rc1 Rb8 30. Nfe1 Rbb2 31. f5 gxf5 32. Qg5 Qc7 33. Ne3 f6 34. Qg3 f4 35.
Qxf4 Rxf2 36. Qg3 Rfd2 37. Ng4 Rxd4 38. Rxc3 Qd8 39. Nf3 Rxg4 40. Qxg4 f5 41.
Qg3 Ra7 42. Rd3 Rd7 43. Re3 e5 44. Qf2 Rf7 45. Qa2 d5 46. Ra3 Qd6 47. Ra6 Qd7
48. Kh1 e4 49. Ng5 Rf8 50. Ra5 Rd8 51. Ra7 Qc6 52. Qa3 Qf6 53. Nf7 Rf8 54. Nd6
Qe5 55. Nb5 f4 56. Qc1 e3 57. Qe1 f3 58. gxf3 Rxf3 59. Ra8+ Rf8 60. Rxf8+ Bxf8
61. Qg1+ Bg7 62. Na3 Qe4+ 63. Qg2 e2 64. Nc2 e1=Q+ 65. Nxe1 Qxe1+ 66. Kh2 Qe5+
67. Kh1 Qe4 68. Qxe4 dxe4 69. Kg2 Bd4 70. Kg3 Kg7 71. Kf4 e3 72. Kf3 Kg6 73. Ke2
Kg5 74. Kd3 Kh4 75. Ke2 Kxh3 76. Ke1 h5 77. Ke2 Kg2 78. Ke1 h4 79. Ke2 h3 80.
Ke1 h2 0-1

[Event "Druzynowe Mistrzostwa Polski Juniorow - Ekstraliga"]
[Site "Centrum Wypoczynkowo-Szkoleniowe Gwarek, Ustron"]
[Date "1899-12-30"]
[Round "3.23"]
[White "Dadello, Aleksandra"]
[Black "Marczuk, Anna"]
[Result "1-0"]
[WhiteTitle "I++"]
[BlackTitle "k"]
[WhiteElo "2068"]
[BlackElo "1969"]

1. e4 c5 2. Nf3 d6 3. d4 cxd4 4. Nxd4 Nf6 5. Nc3 a6 6. f3 e5 7. Nb3 Be6 8. Be3
Be7 9. Qd2 O-O 10. O-O-O Nbd7 11. g4 b5 12. g5 b4 13. Ne2 Ne8 14. f4 a5 15. f5
a4 16. fxe6 axb3 17. exf7+ Rxf7 18. Kb1 bxc2+ 19. Qxc2 Bxg5 20. Bxg5 Qxg5 21.
Ng3 Nb6 22. Bh3 Rc7 23. Qf2 Qh6 24. Rhf1 g5 25. Be6+ Kh8 26. Qf5 Rca7 27. Qf8+
Qxf8 28. Rxf8+ Kg7 29. Rdf1 d5 30. Rg8+ Kh6 31. Bf7 Rxf7 32. Rxf7 dxe4 33. h4
gxh4 34. Nf5+ 1-0

[Event "Druzynowe Mistrzostwa Polski Juniorow - Ekstraliga"]
[Site "Centrum Wypoczynkowo-Szkoleniowe Gwarek, Ustron"]
[Date "1899-12-30"]
[Round "3.24"]
[White "Dylag, Emilia"]
[Black "Dwilewicz, Agata"]
[Result "0-1"]
[WhiteTitle "I"]
[BlackTitle "I"]
[WhiteElo "1602"]
[BlackElo "1659"]

1. d4 d5 2. Nc3 Nf6 3. Bg5 Bf5 4. Bxf6 exf6 5. e3 Be7 6. Bd3 Bxd3 7. Qxd3 c6 8.
Nge2 Na6 9. O-O Nc7 10. Ng3 g6 11. Nce2 Qd7 12. a3 a5 13. e4 dxe4 14. Nxe4 Ne6
15. c4 f5 16. Nd2 O-O 17. Rad1 Rfd8 18. Nf3 Nc5 19. Qc2 Ne4 20. Rfe1 Rac8 21.
Nc3 Nf6 22. Ne5 Qc7 23. Qb3 Bf8 24. Na4 Ng4 25. Nxg4 fxg4 26. g3 Bg7 27. Nb6 Rb8
28. d5 c5 29. Re2 Be5 30. Rde1 f6 31. Na4 h5 32. Qb6 Qxb6 33. Nxb6 Rd6 34. Na4
b5 35. cxb5 Rxd5 36. Nc3 Rd3 37. Rxe5 fxe5 38. Rxe5 c4 39. Rc5 Rd2 40. Rxc4 Rxb2
41. Rc6 Kf7 42. a4 Rb4 43. Kf1 Rb7 44. Ke2 Rd7 45. Ke1 Rb2 46. b6 Rc2 47. Rc5
Rb2 48. Rxa5 Rxb6 49. Rb5 Re6+ 50. Kf1 Rc7 51. Rb3 Rce7 52. Rb1 Rc6 53. Rb3 Rc5
54. Ra3 Re8 55. Rb3 Rec8 56. Ne4 Rd5 57. Ke2 Rc4 58. Nc3 Rdc5 59. Kd2 Rf5 60.
Kd3 Rc8 61. Rb7+ Ke6 62. Rb6+ Kf7 63. Rb7+ Ke6 64. Rb6+ Ke7 65. Rb7+ Kf8 66. Ne4
Rd8+ 67. Ke3 Rf3+ 68. Ke2 Re8 69. Rb4 Ra3 70. Kd2 Rd8+ 71. Ke2 Ra8 72. Nc5 Ra5
73. Rc4 Ke7 74. Kf1 Ra2 75. Kg1 Kf6 76. Rf4+ Ke5 77. Nd3+ Ke6 78. Re4+ Kf7 79.
Ne5+ Kg7 80. Kf1 R2xa4 81. Rxa4 Rxa4 82. Nd3 Re4 83. Kg2 Kf6 84. h4 gxh3+ 85.
Kxh3 g5 86. Kg2 Rd4 87. Ne1 Kf5 88. Nf3 Ra4 89. Ne1 Kg4 90. Nd3 h4 91. gxh4 gxh4
92. f3+ Kf5 93. Kh3 Kg5 94. Kg2 Ra2+ 95. Kh3 Re2 96. f4+ Kh5 97. Ne5 Rf2 98. Nc4
Rxf4 99. Nd2 Kg5 100. Kg2 Kg4 101. Nf1 h3+ 102. Kh2 Rf2+ 103. Kg1 Kf3 104. Nh2+
Ke2 105. Kh1 Rg2 106. Nf1 Kf2 107. Nd2 Kg3 108. Nf1+ Kf4 109. Ne3 Re2 110. Nf1
Re1 111. Kg1 Ke5 0-1

[Event "Druzynowe Mistrzostwa Polski Juniorow - Ekstraliga"]
[Site "Centrum Wypoczynkowo-Szkoleniowe Gwarek, Ustron"]
[Date "1899-12-30"]
[Round "3.25"]
[White "Wisniewski, Michal"]
[Black "Koitka, Jakub"]
[Result "1/2-1/2"]
[WhiteTitle "k"]
[BlackTitle "I++"]
[WhiteElo "2140"]
[BlackElo "2072"]

1. e4 c5 2. Nf3 Nc6 3. Bb5 g6 4. Bxc6 bxc6 5. O-O Bg7 6. Re1 d6 7. e5 Bg4 8. exd6
Qxd6 9. h3 Be6 10. Qe2 Nf6 11. d3 O-O 12. Ng5 Bd5 13. c4 h6 14. cxd5 hxg5 15.
dxc6 Nd5 16. Bxg5 Rab8 17. Nc3 Qxc6 18. Rac1 e6 19. Be3 Nxe3 20. fxe3 Rfd8 21.
b3 Rbc8 22. Ne4 Qd5 23. Rcd1 a5 24. Qc2 f5 25. Ng5 Rb8 26. Qc4 Rb4 27. Qxd5 exd5
28. Ne6 Re8 29. Nxg7 Kxg7 30. Rc1 d4 31. Kf2 a4 32. exd4 Rxe1 33. Kxe1 axb3 34.
axb3 cxd4 35. Rb1 Kf6 36. Kd2 Ke5 37. g3 Kd5 38. Kc2 Rb8 39. b4 Rc8+ 40. Kd2 Rc6
41. Ra1 Rb6 42. Ra5+ Kd6 43. Kc2 Rxb4 44. Ra6+ Ke5 45. Rxg6 Ra4 46. h4 Ra2+ 47.
Kd1 Rh2 48. Ke1 f4 49. Rg5+ Ke6 50. gxf4 Rxh4 51. Re5+ Kf6 52. Re4 Kf5 53. Rxd4
Rxf4 54. Rd8 Ra4 55. Ke2 Ke5 56. Ke3 Rh4 57. d4+ Ke6 58. Rg8 Kd5 59. Rg5+ Ke6
60. Kd3 Rh6 61. Ra5 Kd7 62. Ra7+ Kd8 63. Kc4 Rg6 64. Kc5 Rh6 65. Rg7 Rf6 66. Kd5
Ra6 67. Ke5 Rh6 68. Rf7 Ra6 69. Rb7 Rh6 70. Rb1 Ra6 71. Rb5 Rh6 72. Rc5 Kd7 73.
Rc1 Rh5+ 74. Ke4 Rh4+ 75. Kd5 Rh6 76. Ra1 Rh5+ 77. Kc4 Rh6 78. Ra7+ Kd8 79. Kc5
Rg6 80. d5 Rh6 81. Rg7 Rf6 82. Rg3 Rh6 83. Re3 Kd7 84. Rb3 Rg6 85. Rb7+ Kd8 86.
Rb6 Rxb6 87. Kxb6 Kd7 88. Kc5 Kc7 89. d6+ Kd7 90. Kd5 Kd8 91. Kd4 Kd7 92. Kc5
Kd8 93. Kc4 Kd7 94. Kd5 Kd8 95. Ke6 Ke8 1/2-1/2

[Event "Druzynowe Mistrzostwa Polski Juniorow - Ekstraliga"]
[Site "Centrum Wypoczynkowo-Szkoleniowe Gwarek, Ustron"]
[Date "1899-12-30"]
[Round "3.26"]
[White "Swiderski, Radoslaw"]
[Black "Kowalczyk, Mariusz"]
[Result "1-0"]
[WhiteTitle "I+"]
[BlackTitle "I++"]
[WhiteElo "1998"]
[BlackElo "2174"]

1. e4 e5 2. Nf3 Nc6 3. Bb5 a6 4. Ba4 Nf6 5. O-O b5 6. Bb3 Be7 7. Re1 O-O 8. h3
d6 9. c3 Nd7 10. d4 Bf6 11. Be3 Na5 12. Bc2 Nc4 13. Bc1 Bb7 14. a4 Re8 15. b3
Na5 16. axb5 axb5 17. Na3 b4 18. cxb4 Nc6 19. d5 Nxb4 20. Bb1 Be7 21. Qd2 c5 22.
Bb2 f5 23. Bc3 Rb8 24. exf5 Nxd5 25. Ba5 Qc8 26. Nb5 Ba8 27. Bd3 N5b6 28. f6 Nxf6
29. Bxb6 Rxb6 30. Bc4+ Kh8 31. Ng5 h6 32. Nf7+ Kh7 33. Qd3+ e4 34. Qg3 d5 35.
Be2 Rf8 36. Ne5 Qf5 37. Ra7 Re6 38. Ng4 Bc6 39. Nc7 Bd6 40. Nxe6 Bxg3 41. Nxf8+
Kg8 42. fxg3 Kxf8 43. Rc7 Qe6 44. Nxf6 gxf6 45. Ra1 Qe5 46. Raa7 c4 47. bxc4 Qxg3
48. Rc8+ Be8 49. Raa8 Qe3+ 50. Kf1 Qc1+ 51. Kf2 Qf4+ 52. Ke1 Qc1+ 53. Bd1 e3 54.
Rxe8+ Kf7 55. Rf8+ Kg7 56. Rg8+ Kf7 57. Rgf8+ Kg6 58. Ra2 Qc3+ 59. Kf1 Qd3+ 60.
Ke1 Qxc4 61. Re2 Qb4+ 62. Kf1 Qxf8 63. Rxe3 d4 64. Bc2+ Kg7 65. Rg3+ Kf7 66. Bb3+
Ke7 67. Rg8 1-0

[Event "Druzynowe Mistrzostwa Polski Juniorow - Ekstraliga"]
[Site "Centrum Wypoczynkowo-Szkoleniowe Gwarek, Ustron"]
[Date "1899-12-30"]
[Round "3.27"]
[White "Pultorak, Jan"]
[Black "Koziorowicz, Michal"]
[Result "1-0"]
[WhiteTitle "I"]
[BlackTitle "II+"]
[WhiteElo "2126"]
[BlackElo "1725"]

1. d4 d5 2. c4 e6 3. Nc3 f5 4. e3 Nf6 5. Qc2 c6 6. Bd3 Ne4 7. Nge2 Bd6 8. O-O O-O
9. f3 Ng5 10. Bd2 Qf6 11. e4 Qh6 12. g3 Qh5 13. Bxg5 Qxg5 14. f4 Qg4 15. cxd5
fxe4 16. Nxe4 Bc7 17. d6 Bb6 18. Ng5 h6 19. h3 Bxd4+ 20. Kg2 Qh5 21. Bh7+ Kh8
22. Bg6 Bxb2 23. Bxh5 1-0

[Event "Druzynowe Mistrzostwa Polski Juniorow - Ekstraliga"]
[Site "Centrum Wypoczynkowo-Szkoleniowe Gwarek, Ustron"]
[Date "1899-12-30"]
[Round "3.28"]
[White "Chyzy, Jakub"]
[Black "Oglaza, Oskar"]
[Result "0-1"]
[WhiteTitle "I"]
[BlackTitle "I"]
[WhiteElo "1565"]
[BlackElo "1950"]

1. e4 c5 2. Nf3 d6 3. d4 cxd4 4. Nxd4 Nf6 5. Nc3 a6 6. f3 e6 7. Be3 b5 8. Qd2 Nbd7
9. O-O-O Nb6 10. a3 Bb7 11. Qf2 Nfd7 12. f4 Rc8 13. Nde2 Nc4 14. Bd4 Qa5 15. Kb1
b4 16. axb4 Qxb4 17. Na2 Na3+ 18. Ka1 Nxc2+ 19. Kb1 Na3+ 20. Ka1 Qb3 21. Nec3
Nc2+ 22. Kb1 Bxe4 23. Bd3 Bxd3 24. Rxd3 Na3+ 25. Ka1 Nc2+ 26. Kb1 Nxd4 27. Qxd4
Qc4 28. Qe3 Qc5 29. Qd2 Qf5 30. g4 Qxg4 31. Ne4 d5 32. Rc1 Rd8 33. Nf2 Qf5 34.
Ka1 Bd6 35. Rd4 Nc5 36. Qe3 O-O 0-1

[Event "Druzynowe Mistrzostwa Polski Juniorow - Ekstraliga"]
[Site "Centrum Wypoczynkowo-Szkoleniowe Gwarek, Ustron"]
[Date "1899-12-30"]
[Round "3.29"]
[White "Kopica, Paulina"]
[Black "Maruszczak, Joanna"]
[Result "0-1"]
[WhiteTitle "I++"]
[BlackTitle "k+"]
[WhiteElo "1788"]
[BlackElo "1845"]

1. e4 c5 2. Nf3 Nc6 3. d4 cxd4 4. Nxd4 e6 5. Nxc6 bxc6 6. Bd3 Nf6 7. O-O d5 8.
Nd2 Qc7 9. Qe2 Be7 10. c4 O-O 11. b3 a5 12. a4 Rb8 13. Bb2 dxe4 14. Nxe4 Nd7 15.
Bc2 e5 16. f4 exf4 17. Qh5 g6 18. Qh6 f6 19. Rxf4 Ne5 20. Raf1 Ng4 21. Qh4 f5
22. Qg3 Qa7+ 23. Nf2 Bd6 24. Bd4 c5 25. Nxg4 cxd4 26. Nf2 Bxf4 27. Qxf4 Rb7 28.
Nd3 Re7 29. Qd6 Rfe8 30. c5 Qd7 31. Qb6 Qc7 32. b4 axb4 33. Nxb4 Qe5 34. Nc6 Qe3+
35. Kh1 Rb7 36. Qa6 Kg7 37. Qc4 Be6 38. Qxd4+ Qxd4 39. Nxd4 Bd5 40. Kg1 Rb4 41.
Rd1 Be4 42. Bxe4 Rxe4 43. Nb5 Rec4 44. Rd7+ Kh6 45. Rc7 Rc2 46. h3 Rxa4 47. Nd6
Ra1+ 48. Kh2 Raa2 49. c6 Rxg2+ 50. Kh1 Rgc2 0-1

[Event "Druzynowe Mistrzostwa Polski Juniorow - Ekstraliga"]
[Site "Centrum Wypoczynkowo-Szkoleniowe Gwarek, Ustron"]
[Date "1899-12-30"]
[Round "3.30"]
[White "Krzywnicka, Maria"]
[Black "Trusz, Julia"]
[Result "0-1"]
[WhiteTitle "I+"]
[BlackTitle "I"]
[WhiteElo "1564"]
[BlackElo "1510"]

1. e4 c5 2. Nc3 Nc6 3. g3 g6 4. d3 Bg7 5. Bg2 d6 6. Be3 Rb8 7. Qd2 b5 8. Nge2 Nd4
9. Nd1 b4 10. O-O e6 11. Nc1 Ba6 12. c3 bxc3 13. bxc3 Nc6 14. Re1 Ne5 15. h3 Qa5
16. f4 Nc6 17. f5 Nge7 18. Bh6 Be5 19. Bf4 c4 20. fxe6 fxe6 21. d4 Nxd4 22. cxd4
Qxd2 23. Bxd2 Bxd4+ 24. Be3 Bxa1 25. Bxa7 Rb1 26. Ne3 Bb2 27. Nd3 Rxe1+ 28. Nxe1
Nc6 29. Bb6 Kd7 30. N3c2 Rb8 31. Be3 Bc3 32. Kf2 Rb2 33. Kf3 Rxa2 34. Bf1 Bxe1
35. Nxe1 Ne5+ 36. Kf4 Ra1 37. Bd2 Nd3+ 38. Bxd3 cxd3 39. Kg5 Ra4 40. Kh6 Rxe4
41. Kxh7 Re2 42. Nf3 Rf2 43. Kxg6 Rxf3 44. g4 Rxh3 45. g5 Rh2 46. Kf7 Rxd2 47.
g6 Rf2+ 48. Kg8 d2 0-1

[Event "Druzynowe Mistrzostwa Polski Juniorow - Ekstraliga"]
[Site "Centrum Wypoczynkowo-Szkoleniowe Gwarek, Ustron"]
[Date "1899-12-30"]
[Round "4.1"]
[White "Lewtak, Dominik"]
[Black "Delekta, Filip"]
[Result "0-1"]
[WhiteTitle "k"]
[BlackTitle "I++"]
[WhiteElo "2151"]
[BlackElo "2110"]

1. c4 d5 2. cxd5 Qxd5 3. Nc3 Qa5 4. d4 Nf6 5. Nf3 c5 6. Bd2 cxd4 7. Nxd4 e5 8.
Nb3 Qd8 9. g3 Bd7 10. Bg2 Bc6 11. e4 a5 12. Qe2 a4 13. Nc1 a3 14. Nd3 Qd4 15.
O-O axb2 16. Nxb2 Nbd7 17. Rac1 Ba3 18. Be3 Qb4 19. Nd3 Qa5 20. Rc2 O-O 21. Rd1
Rfc8 22. Nc1 Qb4 23. Nb3 h6 24. Nd5 Nxd5 25. exd5 Bb5 26. Rxc8+ Rxc8 27. Qh5 Rc2
28. Rd2 Bc1 29. Nxc1 Rxc1+ 30. Rd1 Qe1+ 31. Rxe1 Rxe1+ 32. Bf1 Bxf1 33. f3 Bd3+
34. Kg2 Rxe3 35. Qh4 Re2+ 36. Kg1 Nf6 37. a4 e4 38. fxe4 Rxe4 39. Qh3 Ng4 40.
Kg2 Re2+ 41. Kf3 Ne5+ 42. Kf4 g5# 0-1

[Event "Druzynowe Mistrzostwa Polski Juniorow - Ekstraliga"]
[Site "Centrum Wypoczynkowo-Szkoleniowe Gwarek, Ustron"]
[Date "1899-12-30"]
[Round "4.2"]
[White "Swiderski, Radoslaw"]
[Black "Psyk, Radoslaw"]
[Result "0-1"]
[WhiteTitle "I+"]
[BlackTitle "k"]
[WhiteElo "1998"]
[BlackElo "2128"]

1. e4 c5 2. Nf3 e6 3. d4 cxd4 4. Nxd4 a6 5. Bd3 Nf6 6. O-O d6 7. c4 g6 8. Nc3 Bg7
9. Be3 b6 10. Qe2 Bb7 11. f4 O-O 12. f5 exf5 13. exf5 Re8 14. Rae1 Nbd7 15. h3
Nc5 16. Bc2 Nfe4 17. Nxe4 Nxe4 18. fxg6 hxg6 19. Ba4 Rf8 20. Rf4 Nc5 21. Bc2 Be5
22. Rg4 Bc8 23. b4 Bxg4 24. Qxg4 Nd7 25. Ne6 Qf6 26. Nxf8 Nxf8 27. Be4 Re8 28.
Bc6 Rb8 29. Bd5 Kg7 30. Bg5 Bd4+ 31. Kh1 Qf2 32. Bh4 Qb2 33. Rf1 f5 34. Qd1 Be5
35. Qa4 Qd4 36. Qxa6 Qxh4 37. Qa7+ Nd7 38. Qxd7+ Kh6 39. Qc7 Qg3 40. Kg1 Bd4+
41. Kh1 Re8 42. c5 Be5 43. Kg1 Qh2+ 44. Kf2 Bd4+ 45. Kf3 Re3+ 0-1

[Event "Druzynowe Mistrzostwa Polski Juniorow - Ekstraliga"]
[Site "Centrum Wypoczynkowo-Szkoleniowe Gwarek, Ustron"]
[Date "1899-12-30"]
[Round "4.3"]
[White "Gaj, Szymon"]
[Black "Chyzy, Jakub"]
[Result "0-1"]
[WhiteTitle "I"]
[BlackTitle "I"]
[WhiteElo "1821"]
[BlackElo "1565"]

1. d4 d5 2. c4 e6 3. Nc3 Nf6 4. cxd5 exd5 5. Bg5 Nbd7 6. Qc2 Be7 7. e3 O-O 8. Bd3
Re8 9. Nge2 c6 10. O-O Nf8 11. f3 Be6 12. e4 dxe4 13. fxe4 Ng4 14. Bxe7 Qxe7 15.
Rf3 c5 16. d5 c4 17. dxe6 Qxe6 18. Nf4 Qb6+ 19. Kh1 cxd3 20. Nxd3 Qc7 21. Nf4
Ne6 22. Qd2 Rad8 23. Ncd5 Qe5 24. Rg3 Nxf4 25. Qxf4 Qxf4 26. Nxf4 Nf2+ 27. Kg1
Nxe4 28. Ra3 a6 29. Rb3 Nc5 30. Rc3 Ne6 31. Nxe6 Rxe6 32. Rc7 b5 33. Rf1 Re2 34.
Rfxf7 Rd1+ 35. Rf1 Rxf1+ 36. Kxf1 Rxb2 37. Rc8+ Kf7 38. Rc7+ Kf8 39. Rc8+ Ke7
40. Rc7+ Kd6 41. Rxg7 Rxa2 42. Rxh7 Ke6 43. Rb7 Kf5 44. Rb6 Kg5 45. h3 Kf4 46.
g4 Kg5 47. Rb8 Rh2 48. Rg8+ Kf6 49. g5+ Kf5 50. g6 Rxh3 51. g7 Kg6 52. Rh8 Rf3+
53. Ke2 Kxg7 54. Ra8 Ra3 55. Kd2 b4 56. Kc2 Kf6 57. Kb2 Ke5 58. Rd8 a5 59. Rh8
Kd5 60. Rh4 Kc5 61. Rh5+ Kc4 62. Rg5 Rb3+ 63. Kc2 Rc3+ 64. Kb2 a4 65. Rg8 a3+
66. Ka2 Rc2+ 67. Kb1 Kb3 68. Rg3+ Rc3 69. Rg1 Rd3 70. Ka1 Rd2 71. Rb1+ Rb2 72.
Rg1 Rh2 73. Rb1+ Kc3 74. Rc1+ Rc2 75. Rh1 b3 76. Rh3+ Kb4 77. Rh4+ Rc4 78. Rh1
a2 79. Kb2 Rc2+ 80. Ka1 Ka3 81. Rb1 b2+ 82. Rxb2 Rc1+ 83. Rb1 Rxb1# 0-1